LIBRARY & INFORMATION CENTRE, KCAET, TAVANUR

ONLINE PUBLIC ACCESS CATALOGUE (OPAC)

Soyabean processing and utilization in India / (Record no. 5465)

MARC details
000 -LEADER
fixed length control field 00488cam a2200181ua 4500
041 ## - LANGUAGE CODE
Language code of text/sound track or separate title eng
082 ## - DEWEY DECIMAL CLASSIFICATION NUMBER
Classification number 028.74664
Item number NAW/SO
100 ## - MAIN ENTRY--AUTHOR NAME
Personal name Nawab, Ali .
245 00 - TITLE STATEMENT
Title Soyabean processing and utilization in India /
250 ## - EDITION STATEMENT
Edition statement 1 /
260 ## - PUBLICATION, DISTRIBUTION, ETC. (IMPRINT)
Place of publication Bhopal :
Name of publisher Centre Institute of Agricultural Engineering ,
Year of publication 1988.
300 ## - PHYSICAL DESCRIPTION
Number of Pages 431 ; .
700 1# - ADDED ENTRY--PERSONAL NAME
Personal name Gandhi, A P .
700 1# - ADDED ENTRY--PERSONAL NAME
Personal name Ojha , T P .
942 ## - ADDED ENTRY ELEMENTS (KOHA)
Koha item type Books
Holdings
Withdrawn status Lost status Damaged status Home library Current library Date acquired Full call number Accession Number Koha item type
      KAUAET KAUAET 30/08/1990 028.74664 16719 Reference
free website counter